Hľadanie regulačnej funkcie islamu v krajinách postsovietskej Strednej Ázie
Napriek tomu, že vládnuce režimy postsovietskej Strednej Ázie hovoria o sekulárnom charaktere tamojšej spoločnosti, islam sa do tejto časti sveta vrátil. Jeho vplyv rastie a ľudia v procese jeho obrody sú konfrontovaní s jeho umiernenou i radikálnou podobou. Republiky postsovietskej Strednej Ázie do...
Enregistré dans:
| Auteur principal: | |
|---|---|
| Format: | Chapitre de livre |
| Langue: | slovaque |
| Sujets: | |
| Tags: |
Pas de tags, Soyez le premier à ajouter un tag!
|
MARC
| LEADER | 00000naa a2200000 4500 | ||
|---|---|---|---|
| 001 | 0252168 | ||
| 005 | 20240502074037.4 | ||
| 041 | 0 | |a slo | |
| 044 | |a SK | ||
| 245 | 1 | 0 | |a Hľadanie regulačnej funkcie islamu v krajinách postsovietskej Strednej Ázie |c Ľubomír Čech |
| 520 | |a Napriek tomu, že vládnuce režimy postsovietskej Strednej Ázie hovoria o sekulárnom charaktere tamojšej spoločnosti, islam sa do tejto časti sveta vrátil. Jeho vplyv rastie a ľudia v procese jeho obrody sú konfrontovaní s jeho umiernenou i radikálnou podobou. Republiky postsovietskej Strednej Ázie doposiaľ nenašli spôsob, ako islam v jeho komplexnosti využiť pre pozitívny rozvoj spoločnosti.Analýza dôležitých aspektov, ktoré sú významné pri hľadaní tejto regulačnej funkcie islamu. | ||
| 610 | 2 | 0 | |a stredná Ázia |
| 610 | 2 | 0 | |a islam |
| 610 | 2 | 0 | |a identita |
| 610 | 2 | 0 | |a moslimovia |
| 100 | 1 | |a Čech, Ľubomír, 1955- | |